| 000 | 00363nam a2200145Ia 4500 | ||
|---|---|---|---|
| 008 | 230917s9999||||xx |||||||||||||| ||und|| | ||
| 040 |
_e83139 _aMAIN |
||
| 041 | _aEnglish | ||
| 082 | _a512.5 B469F | ||
| 100 | _aBhattacharya, P B | ||
| 245 | 0 | _aFirst course in linear algebra | |
| 260 |
_aNew Delhi _bWiley Eastern _c1983 |
||
| 300 | _avii, 280 p. | ||
| 942 | _cBK | ||
| 999 |
_c36238 _d36238 |
||